LEADER 01521nam0-2200517---450- 001 990009377140403321 005 20150907110524.0 010 $a9788808062215 010 $a9788808124630 035 $a000937714 035 $aFED01000937714 035 $a(Aleph)000937714FED01 035 $a000937714 100 $a20110614d2011----km-y0itay50------ba 101 1 $aita 102 $aIT 105 $aa-------001yy 200 1 $a<>essenziale di biologia molecolare della cellula$fBruce Alberts ... [et al.] 205 $a3. ed 210 $aBologna$cZanichelli$d2011 215 $aXVI, 846 p.$cill.$d29 cm$e1 dvd 454 0$12001$aEssential cell biology$1205$a3rd ed.$957330 517 1 $aBiologia molecolare della cellula 610 0 $aCellule 610 0 $aBiologia molecolare 676 $a571.6 676 $a574.88 702 1$aAlberts,$bBruce 801 0$aIT$bUNINA$gRICA$2UNIMARC 901 $aBK 912 $a990009377140403321 952 $a80 VII A 84$b10765$fFFABC 952 $a80 VII A 85$b10766$fFFABC 952 $a80 VII A 89$b10884$fFFABC 952 $a574.87-ALB-5$b6973$fSC1 952 $a574.87-ALB-5A$b6974$fSC1 952 $a574.87-ALB-5B$b6975$fSC1 952 $a574.87-ALB-5C$b6976$fSC1 952 $a574.87-ALB-5D$b6977$fSC1 952 $aBL-574.87-12$b8153$fNAP10 952 $a80 VII A 103$b39/2015$fFFABC 952 $a80 VII A 104$b38/2015$fFFABC 959 $aFFABC 959 $aNAP10 996 $aEssential cell biology$957330 997 $aUNINA LEADER 04292nam 22007571 450 001 9910449873903321 005 20210721145055.0 010 $a1-280-46512-3 010 $a9786610465125 010 $a1-4237-1425-3 010 $a90-474-0269-3 024 7 $a10.1163/9789047402695 035 $a(CKB)1000000000033091 035 $a(EBL)253753 035 $a(OCoLC)171583238 035 $a(SSID)ssj0000114954 035 $a(PQKBManifestationID)11129972 035 $a(PQKBTitleCode)TC0000114954 035 $a(PQKBWorkID)10125004 035 $a(PQKB)10481002 035 $a(MiAaPQ)EBC253753 035 $a(Au-PeEL)EBL253753 035 $a(CaPaEBR)ebr10089729 035 $a(CaONFJC)MIL46512 035 $a(OCoLC)191953235 035 $a(nllekb)BRILL9789047402695 035 $a(EXLCZ)991000000000033091 100 $a20210731d2004 uy 0 101 0 $aeng 135 $aur|n|---||||| 181 $ctxt 182 $cc 183 $acr 200 14$aThe British and French Mandates in Comparative Perspectives/Les mandats franc?ais et anglais dans une perspective comparative /$fNadine Méouchy, Peter Sluglett 210 1$aLeiden; $aBoston :$cBRILL,$d2004. 215 $a1 online resource (769 p.) 225 1 $aSocial, Economic and Political Studies of the Middle East and Asia ;$v93 300 $aPapers presented at a conference held in Aix-en-Provence, June 2001. 311 $a90-04-13313-5 320 $aIncludes bibliographical references and index. 327 $aCONTENTS/SOMMAIRE; Acknowledgements; Remerciements; Notes on contributors/Liste des auteurs; General introduction; Introduction ge?ne?rale; PART ONE/PREMIE?RE PARTIE SOURCE MATERIALS FOR THE MANDATES/OUTILS DOCUMENTAIRES SUR LES MANDATS; PART TWO/DEUXIE?ME PARTIE THE SPIRIT AND THE LETTER OF THE MANDATES: POLITICAL PRAXIS AND CULTURAL PERSPECTIVES/L'ESPRIT ET LA LETTRE DES MANDATS: PRATIQUES POLITIQUES ET PERSPECTIVES CULTURELLES 327 $aPART THREE/TROISIEME PARTIE THE STATE AND THE POLITICAL, ECONOMIC AND TECHNICAL ELITES: NETWORKS, DYNAMICS AND NATION BUILDING/L'E?TAT ET LES E?LITES POLITIQUES, E?CONOMIQUES ET TECHNIQUES: RE?SEAUX, DYNAPART FOUR/QUATRIE?ME PARTIE RURAL AND URBAN MOBILISATION: RESISTANCE AND COOPERATION/LES MOBILISATIONS URBAINES ET RURALES: RE?SISTANCE ET COOPE?RATION; CONCLUDING REMARKS/SYNTHE?SES DE CONCLUSION; General Bibliography; Index of Personal, Family and Tribal Names 330 $aThis collection represents the first large scale attempt to discuss the Middle Eastern mandates as a totality. It compares the application and effects of this very specific form of late colonialism from a variety of different disciplinary perspectives, including anthropology, architecture, archival conservation, economics, history, law and sociology. It contains analyses at both micro and macro levels, including specific instances of revolt or collaboration, studies of particular individuals, of professional groups and their contributions to "nation-building," comparisons between the various political and cultural policies of the mandatory powers, and the formation and practice of "le savoir colonial" by contemporary ethnographers, officials, physicians and teachers. The volume will be of interest to historians of imperialism and of the twentieth century Middle East. 410 0$aSocial, Economic and Political Studies of the Middle East and Asia ;$v93. 606 $aElite (Social sciences)$vCongresses 606 $aMandates$vCongresses 606 $aMandates$xMiddle East$vCongresses 606 $aMandates$zMiddle East$vCongresses 606 $aNationalism$zMiddle East$vCongresses 607 $aFrance$xColonies$xAdministration$vCongresses 607 $aGreat Britain$xColonies$xAdministration$vCongresses 608 $aElectronic books. 615 0$aElite (Social sciences) 615 0$aMandates 615 0$aMandates$xMiddle East 615 0$aMandates 615 0$aNationalism 676 $a956.903 700 $aMe?ouchy$b Nadine$0802364 702 $aSluglett$b Peter 801 0$bNL-LeKB 801 1$bNL-LeKB 906 $aBOOK 912 $a9910449873903321 996 $aThe British and French Mandates in Comparative Perspectives$92486133 997 $aUNINA LEADER 00870nam a22002651 4500 001 991003764119707536 005 20080206 008 200710d20072007IT | | |||||ita 020 $a9788806188856 035 $ab13747782-39ule_inst 040 $aDip.to Studi storici$bita 082 04$a947.0841 100 $aFlores, Marcello$0139835 245 10$a1917 :$bla rivoluzione /$cMarcello Flores 246 $aMillenovecentodiciassette 260 $aTorino :$bG. Einaudi, $c[2007] 300 $aX, 139 p. ;$c18 cm. 440 $aVele ;$v32 650 $aRivoluzione russa 907 $a.b13747782$b28-01-14$c01-07-08 912 $a991003764119707536 945 $aLE023 947.08 FLO 1 1$g1$i2023000102985$lle023$o-$pE8.00$q-$rl$s- $t0$u1$v0$w1$x0$y.i14790683$z01-07-08 996 $a1917$91226464 997 $aUNISALENTO 998 $ale023$b01-07-08$cm$da $e-$fita$git $h0$i0